000 00773nam a22002297a 4500
999 _c6479
_d6479
003 AR-CdUCM
008 190318b ||||| |||| 00| 0 spa d
040 _aMUNICIPALIDAD PROVINCIAL DEL CUSCO
_cBIBLIOTECA MUNICIPAL DEL CUSCO
082 _a498.515 /
_bP26
100 _aPark, Marinell
_918366
245 _aDiccionario quechua :
_bSan Martín /
260 _aLima :
_bIEP,
_c1976.
300 _a188 paginas ;
_c20 cm.
440 _aMinisterio de educación
_915645
505 _aContenido : Prologo -- Introducción -- Abreviaturas empleadas -- Quechua castellano ...
650 _aDiccionario quechua
_97357
650 _aQuechua
_92063
650 _aQuechua San Martín
_918367
710 _aMinisterio de educación
_97870
942 _2ddc
_cLIBROS
945 _arah